000 00757nam a22002057a 4500
999 _c3868
_d3868
003 AR-CdUCM
008 190307b ||||| |||| 00| 0 spa d
040 _aMUNICIPALIDAD PROVINCIAL DEL CUSCO
_cBIBLIOTECA MUNICIPAL DEL CUSCO
082 _a869.50 /
_bSA19
_23ed.
100 _aSánchez, Luis Alberto
_9401
245 _aLos poetas de la colonia y de la revolución /
260 _aLima :
_bEdit. Universo,
_c1974.
300 _a341 paginas ;
_c17 cm.
505 _aLos poetas de la colonia -- Los poetas de la conquista -- Los primeros poetas cortesanos -- Los poemas de arauco -- Amarilis...
650 _aPoetas de la colonia
_912432
650 _aPoesía Peruana
_92266
650 _aÉpoca colonial
_912433
942 _2ddc
_cLIBROS
945 _awnts